书目信息 |
| 题名: |
保障性租赁住房设计图集
|
|
| 作者: | 王平山 起草 ;华东建筑集团股份公司 , 上海天华建筑设计公司 主编 | |
| 分册: | ||
| 出版信息: | 上海 同济大学出版社 2025.03 |
|
| 页数: | 47页 | |
| 开本: | 19x26cm | |
| 丛书名: | 上海市建筑标准设计 | |
| 单 册: | ||
| 中图分类: | TU241-64 | |
| 科图分类: | ||
| 主题词: | 租赁--zu lin--保障性住房--建筑设计--上海市--图集 | |
| 电子资源: | ||
| ISBN: | 978-7-5765-1524-4 | |
| 000 | 01402nam 2200325 450 | |
| 001 | 91824 | |
| 005 | 20250817144702.67 | |
| 010 | @a978-7-5765-1524-4@dCNY30.00 | |
| 094 | @aCN@bDBJT 08-140-2024 | |
| 100 | @a20250515d2025 em y0chiy50 ea | |
| 101 | 0 | @achi |
| 102 | @aCN@b310000 | |
| 105 | @aa l 000yy | |
| 106 | @ar | |
| 200 | 1 | @a保障性租赁住房设计图集@Abao zhang xing zu lin zhu fang she ji tu ji |
| 210 | @a上海@c同济大学出版社@d2025.03 | |
| 215 | @a47页@c图@d19x26cm | |
| 225 | 2 | @a上海市建筑标准设计@Ashang hai shi jian zhu biao zhun she ji |
| 300 | @a上海市住房和城乡建设管理委员会发布 2024-09-19发布 2025-03-01实施 图集号: 2024沪J114 | |
| 314 | @a版权页题: 华东建筑集团股份有限公司, 上海天华建筑设计有限公司主编 | |
| 314 | @a起草人: 王平山 ... [等] | |
| 330 | @a本书的主要内容包括: 目录 ; 编制说明 ; 住宅型保障性租赁住房标准模块及组合平面 ; 宿舍型保障性租赁住房标准模块及组合平面 ; 公共服务用房模块 ; 装配式内装修典型节点 ; 附录。 | |
| 410 | 0 | @12001 @a上海市建筑标准设计 |
| 606 | 0 | @a租赁@Azu lin@x保障性住房@x建筑设计@y上海市@j图集 |
| 690 | @aTU241-64@v5 | |
| 701 | 0 | @a王平山@Awang ping shan@4起草 |
| 712 | 02 | @a华东建筑集团股份公司@Ahua dong jian zhu ji tuan gu fen you xian gong si@4主编 |
| 712 | 02 | @a上海天华建筑设计公司@Ashang hai tian hua jian zhu she ji you xian gong si@4主编 |
| 801 | 0 | @aCN@c20250909 |
| 905 | @a河南城建学院图书馆@dTU241-64@eW300@f1 | |
| 保障性租赁住房设计图集.-上海:同济大学出版社,2025.03 |
| 47页:图;19x26cm.-(上海市建筑标准设计) |
| 上海市住房和城乡建设管理委员会发布 2024-09-19发布 2025-03-01实施 图集号: 2024沪J114 |
| ISBN 978-7-5765-1524-4:CNY30.00 |
| 本书的主要内容包括: 目录 ; 编制说明 ; 住宅型保障性租赁住房标准模块及组合平面 ; 宿舍型保障性租赁住房标准模块及组合平面 ; 公共服务用房模块 ; 装配式内装修典型节点 ; 附录。 |
| ● |
| 相关链接 |
|
|
|
正题名:保障性租赁住房设计图集
索取号:TU241-64/W300
 
预约/预借
| 序号 | 登录号 | 条形码 | 馆藏地/架位号 | 状态 | 备注 |
| 1 | 1625788 | 216257887 | 建筑库101/101建筑库 61排7列4层/ [索取号:TU241-64/W300] | 在馆 |